000 00588nam a2200133Ia 4500
001 3338
008 241024s9999 xx 000 0 und d
082 _aRD/348.086945/R426l/136-03/24-97 LIBRO NO ESTA
100 _aRepública Dominicana. Despacho de la Primera Dama
245 0 _aLey 136-03 Código para el sistema de protección y los derechos fundamentales de niños, niñas y adolecentes y Ley 24-97, que modifica el Código Penal Dominicano, sanciona la violencia contra la mujer, doméstica e intrafamiliar
260 _b2008
_c2008
901 _a9/10/2013 5:21:17 p.m.
999 _c9518
_d9518